Managerial Economics (Record no. 3092)

MARC details
005 - DATE AND TIME OF LATEST TRANSACTION
control field 20250603093941.0
020 ## - INTERNATIONAL STANDARD BOOK NUMBER
International Standard Book Number 97893259866688
100 ## - MAIN ENTRY--PERSONAL NAME
Author name DWIVEDI, D.N
245 ## - TITLE STATEMENT
Title Managerial Economics
250 ## - EDITION STATEMENT
Edition statement 8th Ed.
260 ## - PUBLICATION, DISTRIBUTION, ETC.
Place of publication, distribution, etc. New Delhi
Name of publisher, distributor, etc. VIKAS Publishing House PVT LTD
Date of publication, distribution, etc. 2015
300 ## - PHYSICAL DESCRIPTION
Extent xxxii, 831p.: ill; graphs, tables.
Other physical details Index,
Dimensions 24 cm
942 ## - ADDED ENTRY ELEMENTS (KOHA)
Source of classification or shelving scheme Dewey Decimal Classification
Koha item type Books
Holdings
Date last seen Total checkouts Full call number Barcode Cost, replacement price Price effective from Koha item type Lost status Source of classification or shelving scheme Damaged status Not for loan Withdrawn status Home library Current library Shelving location Date acquired Source of acquisition Cost, normal purchase price
06/03/2025   330 DWI MBY00032 195000.00 06/03/2025 Books   Dewey Decimal Classification       CBE MBEYA CBE MBEYA General Collection 02/21/2025 PURCHASE 65000.00
06/03/2025   330 DWI MBY00040 195000.00 06/03/2025 Books   Dewey Decimal Classification       CBE MBEYA CBE MBEYA General Collection 02/21/2025 PURCHASE 65000.00